Statistiques concernant Culture Générale - Série 1456

Cliquez ici pour prendre le quiz!

Statistiques générales

  • Ce quiz a été pris 42 fois
  • Le résultat moyen est 5 sur 10

Statistiques - réponses

Question Réponse % Correct
Quel mot désigne à la fois une glace qu'on tient par un bâtonnet et un habitant des terres arctiques ?esquimau
83%
Quelle est la ville natale du peintre italien Canaletto, dont il a peint de très nombreuses "Vues" ?Venise
69%
Quel célèbre footballeur argentin Manu Chao évoque-t-il dans sa chanson "La Vida tombola" ?Diego Maradona
67%
A quel organe du corps humain se rapporte l'adjectif "néphrétique" ?rein
64%
En 1900, pour quelle exposition parisienne le Grand Palais fut-il construit ?L'exposition universelle
50%
Complétez les paroles de "Il était une fois" : "J'ai encore rêvé d'elle, c'est bête...Elle n'a rien fait pour ça
40%
Quelle était la nationalité du peintre et sculpteur Alberto Giacometti ?Suisse
38%
En 1982, qui fut le premier Français à être allé dans l'espace ?Jean-Loup Chrétien
29%
Dans quelle ville de Grande-Bretagne habitent les adolescents de la série "Skins" ?Bristol
12%
En 1668, de quel roi de Tirynthe Molière conte-t-il les aventures ?Amphitryon
2%

Distribution des résultats

Percentile par nombre de réponses

% des personnes avec chaque résultat

Votre développement - résultats

Vous n’avez pas pris ce quiz